Регионална библиотека "Любен Каравелов" - Русе

Шуттовская рота (Запис номер 63794)

MARC детайли
000 -Лидер
Контролно поле с фиксирана дължина 01317nam a2200337 c 4500
003 - Код на организацията, давaща контролен номер
Контролно поле BLK
005 - Дата и час на последна редакция
Контролно поле 20201119154258.0
008 - Елементи от данни с фиксирана дължина
fixed length control field 180408b bul|||||r ||||||| ||bul||
010 ## - Наследен системен номер
LC control number KNG00068053000
020 ## - Международен стандартен номер на книга ISBN
Международен стандартен номер на книга ISBN 5-87849-112-5
-- издат.: Яуза - (Яуза)
020 ## - Международен стандартен номер на книга ISBN
Международен стандартен номер на книга ISBN 5-04-001020-6
-- издат.: ЭКСМО-Пресс - (ЭКСМО-пресс)
040 ## - Източник на каталожния запис
Идентификатор на билиотеката - собственик на записа BLK
041 ## - Код за език
Код за езика на текст/звукозапис или на отделно заглавие Руски
Код за езика КДБФ Руски
080 ## - УДК
Текстов определител УДК Американска литература (на САЩ)
УДК код - определител по УДК 821.111(73)
УДК определител -312.9
УДК - код + определител 821.111(73)-312.9
100 1# - Редна дума - Автор
Автор Асприн, Роберт
Авторска отговорност първи автор
R(LIN) 291619
139 ## - Редно поле
Редна дума Асприн, Роберт
Авторски знак Ас - А 92
245 10 - Сведения за заглавието
Заглавие Шуттовская рота
Подзаглавни данни Фантаст. роман
Редно поле (дума) Роберт Асприн.
257 ## - Страна на издаване
Страна на създаване/издаване Съединени американски щати
260 ## - Област на издателските данни
-- Москва
Име на издателя, разпространителя и проч. Яуза
-- ЭКСМО-Пресс
Година на издаване 1998
Печатница Тула : Тульская типогр.
300 ## - Физическа характеристика
Страници 352 с.
Размери/Мащаб 21 см
380 ## - Жанр
Жанр Худож. лит.
490 1# - СЕРИИ (Колекции)
Име на серия Серия Стальная крыса
500 ## - Общи забележки
Забележка Ориг. загл. Phules Company / Robert Lynn Asprin. - 25 000 тир.
653 ## - Ключова дума – ненормативна
Ключова дума фантастика
653 ## - Ключова дума – ненормативна
Ключова дума романи
852 ## - Местоположение
Форматна сигнатура Цб 209610
856 4# - Електронен адрес и достъп
Електронен формат pdf - файл
Път до файла /url/
856 4# - Електронен адрес и достъп
Електронен формат pdf - файл
Път до файла /url/
942 ## - АРТИКУЛИ
Вид на библиотечния материал Книги
Скрит в OPAC Не
Koha issues (borrowed), all copies 2
944 ## - СЪЗДАВАНЕ И РЕДАКЦИЯ на ЗАПИСА
Създаване/Редакция Създаване
Дата на регистрацията/редакция 12.09.2011
Статус, дата на статуса ф /
Служител, извършил регистрацията/редакцията Людмила_Стоянова
944 ## - СЪЗДАВАНЕ И РЕДАКЦИЯ на ЗАПИСА
Създаване/Редакция Редакция
Дата на регистрацията/редакция 19.11.2015
Статус, дата на статуса ф /
Служител, извършил регистрацията/редакцията Нора_Радева
999 ## - СИСТЕМНИ КОНТРОЛНИ НОМЕРА
Koha biblionumber 63794
Koha biblioitemnumber 63794
Наличности
Код за отписване Код за изгубен артикул Код за повреда Коз за рестрикции Код за отдаване Артикулен № Име на библиотеката - собственик Име на библиотеката, в която се намира в момента Статус (Текущо местоположение) Дата на вписване в системата Местоположение - отдел Цена в лева Инвентарен номер Систематично азбучна сигнатура Баркод Номер на екземпляра Цена в евро Служебна бележка Служебен тип на артикула
  Не е изгубен Не е повреден без рестрикции заемане за дома 105831 Регионална библиотека "Любен Каравелов" Русе Регионална библиотека "Любен Каравелов" Русе Заемна - подръчен фонд 2011-09-07 Заемна - подръчен фонд 7.00 120000752900 П 820(73)-31/А 92 120000752900 1 3.58 Дост: DA Вид: А N: 14 Дата: 07.09.2011 Дата инв: 09.02.2018 Бележки инв: П2018 Книги
Vip Innovations Ltd, Rousse, Bulgaria 2025